[Event "XIX Najdorf Memorial 2019"]
[Site "Warsaw"]
[Date "2019.07.11"]
[Round "6.6"]
[White "Socko, Monika"]
[Black "Piotrowski, Przemyslaw"]
[Result "1/2-1/2"]
[WhiteElo "2443"]
[BlackElo "2273"]
[Annotator "TA"]
[PlyCount "147"]
[EventDate "2019.07.06"]
[EventType "swiss"]
[EventCountry "POL"]
[SourceTitle "playchess.com"]
[Source "ChessBase"]
[SourceQuality "1"]

{[%evp 20,147,53,26,39,25,35,21,27,34,32,17,35,0,6,4,8,0,0,0,0,0,25,35,37,35,26,23,52,20,57,43,43,54,38,53,49,42,46,42,52,26,26,26,26,12,26,26,26,8,8,8,18,18,14,14,70,70,70,70,120,120,120,119,113,62,70,69,69,69,74,20,30,0,0,0,0,0,0,0,4,4,4,4,4,4,4,4,4,4,4,4,4,4,4,4,4,0,0,0,0,0,0,0,0,0,0,0,0,0,0,0,0,0,0,0,0,0,0,0,0,-8,0,0,0,0,0,-8,-8,-8]} 1. d4 Nf6 2. c4 e6 3. Nf3 c5 4. g3 d5 5. cxd5 exd5 6. Bg2 Nc6 7. O-O Be7 8. dxc5 Bxc5 9. a3 a5 10. Nc3 $146 ({Predecessor:} 10. Bg5 O-O {½-½ (15) Romanishin,O (2512)-Ehlvest,J (2600) Reykjavik 2010}) 10... O-O 11. Bg5 d4 {E06: Closed Catalan: Early deviations} 12. Bxf6 Qxf6 13. Ne4 Qe7 14. Nxc5 Qxc5 15. Rc1 Qb6 16. Qd3 h6 17. Rfd1 {[%cal Rf3d4]} Rd8 18. Nd2 Be6 19. b3 Rac8 20. Nc4 Bxc4 21. bxc4 Ne5 22. Qe4 Nxc4 23. Qxb7 Qe6 24. a4 Qxe2 {[#]} 25. Rxd4 $1 {[%mdl 512] Hoping for Rcxc4!} Nd6 (25... Rxd4 26. Qxc8+) 26. Qb1 {And now Rxc8 would win.} Rxc1+ 27. Qxc1 Rc8 28. Qf1 Qxf1+ 29. Bxf1 $14 {[%mdl 4096] Endgame KRB-KRN} Nb7 30. Kg2 (30. Ba6 $5 {[%cal Ra6b7]} Rd8 31. Rc4 $14) 30... Nc5 31. Bb5 Kf8 32. h4 h5 33. Rd5 g6 34. Kf3 Ke7 35. Ke3 Rc7 36. Re5+ Kd6 37. Re8 Ne6 (37... Nb3 $11) 38. Ra8 Rc3+ 39. Kd2 Ra3 40. Ra6+ Ke5 41. Rxa5 Nc5 {Strongly threatening ...Nb3+.} 42. Ra8 ({White should play} 42. Be8 $16 Kd4 43. Ke2 (43. Bxf7 Rf3 $16) 43... Ra2+ 44. Kf3) 42... Ne4+ 43. Ke2 Ra2+ 44. Kf3 {Black must now prevent Re8+.} f5 {[#]} 45. Re8+ (45. Bc6 $1 $16) 45... Kd4 $11 {[%csl Ge4][%cal Ra2f2]} 46. Be2 (46. Rd8+ {is more complex.} Ke5 47. Ke3 Nxf2 48. Re8+ Kf6 49. Bc6) 46... Rxa4 {The position is equal.} 47. Rd8+ Ke5 48. Rd3 Ra2 49. Ke3 Rc2 (49... Kf6 {looks sharper.} 50. Rb3 Kg7 51. Rb7+ Kh6 52. Rb3 Kg7) 50. Rb3 Rc3+ 51. Rxc3 Nxc3 {KB-KN} 52. Bc4 Ne4 53. Bf7 Kf6 54. Be8 Nd6 55. Bc6 Nc4+ 56. Ke2 Ne5 57. Be8 Nc4 58. f3 Nd6 59. Bc6 Nc4 60. Bd5 Nd6 61. Ke3 Ke5 62. Bg8 (62. Ba2 {keeps more tension.} f4+ 63. gxf4+ Kf6 64. Bb1 Nf5+ 65. Ke2) 62... f4+ 63. gxf4+ Kf6 64. Ba2 $1 Nf5+ {[%mdl 64] Double Attack} 65. Kf2 Nxh4 66. Bb1 Ke6 67. Be4 Nf5 68. Kg2 Ne7 69. Kh3 Kf6 70. Kg3 Nc8 71. Kh4 Nd6 72. Bd3 Nf5+ 73. Kh3 Nd4 74. Kg3 {Accuracy: White = 65%, Black = 71%.} 1/2-1/2

[Event "XIX Najdorf Memorial 2019"]
[Site "Warsaw"]
[Date "2019.07.11"]
[Round "6.7"]
[White "Abdumalik, Zhansaya"]
[Black "Bernadskiy, Vitaliy"]
[Result "0-1"]
[WhiteElo "2458"]
[BlackElo "2594"]
[Annotator "ChessBase"]
[PlyCount "86"]
[EventDate "2019.07.06"]
[EventType "swiss"]
[EventCountry "POL"]
[SourceTitle "playchess.com"]
[Source "ChessBase"]
[SourceQuality "1"]
[TimeControl "40/5400+30:1800+30"]

1. e4 {[%emt 0:00:00]} c5 {[%emt 0:00:00]} 2. Nf3 {[%emt 0:00:00]} d6 {[%emt 0:00:00]} 3. d4 {[%emt 0:00:00]} cxd4 {[%emt 0:00:00]} 4. Nxd4 {[%emt 0:00:01]} Nf6 {[%emt 0:00:00]} 5. Nc3 {[%emt 0:00:13]} Nbd7 {[%emt 0:00:00]} 6. g3 {[%emt 0:01:21]} Nc5 {[%emt 0:07:56]} 7. Bg2 {[%emt 0:00:47]} e5 {[%emt 0:00:09]} 8. Nde2 {[%emt 0:01:05]} Be7 {[%emt 0:00:15]} 9. O-O {[%emt 0:01:00]} O-O {[%emt 0:00:11]} 10. h3 {[%emt 0:00:37]} h5 {[%emt 0:05:53]} 11. Be3 {[%emt 0:03:59]} b6 {[%emt 0:02:17]} 12. b4 {[%emt 0:05:59]} Ne6 {[%emt 0:05:19]} 13. Qd2 {[%emt 0:06:43]} Ba6 {[%emt 0:01:51]} 14. Rfd1 {[%emt 0:03:12]} Rc8 {[%emt 0:00:16]} 15. a4 {[%emt 0:06:44]} Rc4 {[%emt 0:07:41]} 16. a5 {[%emt 0:06:01]} Bb7 {[%emt 0:06:01]} 17. axb6 {[%emt 0:01:41]} axb6 {[%emt 0:00:06]} 18. Nd5 {[%emt 0:01:42]} b5 {[%emt 0:02:56]} 19. Ra7 {[%emt 0:09:03]} Bxd5 {[%emt 0:00:10]} 20. exd5 {[%emt 0:00:05]} Nc7 {[%emt 0:00:02]} 21. Rda1 {[%emt 0:05:54]} Qc8 {[%emt 0:01:44]} 22. Bb6 {[%emt 0:04:38]} Bd8 {[%emt 0:02:08]} 23. c3 {[%emt 0:04:34]} Ne4 {[%emt 0:06:50]} 24. Qd3 {[%emt 0:07:29]} Ng5 {[%emt 0:00:23]} 25. f4 {[%emt 0:01:15]} e4 {[%emt 0:07:52]} 26. Qd1 {[%emt 0:00:15]} Nf3+ {[%emt 0:01:55]} 27. Kh1 {[%emt 0:00:34]} Qf5 {[%emt 0:00:35]} 28. Bxc7 {[%emt 0:02:50]} Bxc7 {[%emt 0:00:20]} 29. Rb7 {[%emt 0:01:55]} Rc8 {[%emt 0:00:04]} 30. Rxb5 {[%emt 0:04:07]} Bd8 {[%emt 0:00:04]} 31. Qb3 {[%emt 0:03:37]} Kh7 {[%emt 0:05:09]} 32. Qb1 {[%emt 0:03:29]} Rxc3 {[%emt 0:06:55]} 33. Nxc3 {[%emt 0:01:25]} Rxc3 {[%emt 0:00:04]} 34. Qf1 {[%emt 0:02:40]} Rc2 {[%emt 0:03:42]} 35. Bxf3 {[%emt 0:02:22]} exf3 {[%emt 0:00:03]} 36. Rd1 {[%emt 0:05:26]} g6 {[%emt 0:01:29]} 37. Qxf3 {[%emt 0:01:31]} Qxh3+ {[%emt 0:00:09]} 38. Kg1 {[%emt 0:00:01]} Bh4 {[%emt 0:00:27]} 39. f5 {[%emt 0:01:51]} Qh2+ {[%emt 0:02:28]} 40. Kf1 {[%emt 0:00:00]} Bxg3 {[%emt 0:00:00]} 41. fxg6+ {[%emt 0:00:45]} Kh6 {[%emt 0:00:41]} 42. Qe3+ {[%emt 0:02:08]} Kg7 {[%emt 0:00:04]} 43. Qd4+ {[%emt 0:01:20]} Be5 {[%emt 0:00:05]} 0-1

[Event "XIX Najdorf Memorial 2019"]
[Site "Warsaw"]
[Date "2019.07.11"]
[Round "6.7"]
[White "Grib, Roman"]
[Black "Chomczyk, Marek"]
[Result "1/2-1/2"]
[WhiteElo "2421"]
[BlackElo "2270"]
[Annotator "TA"]
[PlyCount "138"]
[EventDate "2019.07.06"]
[EventType "swiss"]
[EventCountry "POL"]
[SourceTitle "playchess.com"]
[Source "ChessBase"]
[SourceQuality "1"]

{[%evp 16,138,19,20,18,0,18,15,18,20,12,17,18,12,16,13,23,20,34,38,70,70,75,78,69,69,61,67,63,64,67,54,64,44,42,42,52,32,75,77,76,67,71,48,52,38,30,40,33,12,8,12,11,11,50,48,66,64,72,74,73,66,101,75,65,21,23,10,22,29,24,16,25,28,23,0,8,8,8,8,11,6,9,5,14,0,0,0,0,0,0,0,0,0,0,0,0,0,0,0,0,0,0,0,0,0,0,0,0,0,0,0,0,0,0,0,0,0,0,0,0,0,0,0,0]} 1. e4 e5 2. Nf3 Nc6 3. Bb5 Nf6 4. O-O Nxe4 5. Re1 Nd6 6. Nxe5 Be7 7. Bf1 Nxe5 8. Rxe5 O-O 9. d4 Ne8 {C67: Ruy Lopez: Berlin Defence: 4 0-0 Nxe4} 10. d5 d6 11. Re1 Bg5 12. Nc3 Bxc1 13. Rxc1 Nf6 14. Qd4 Bf5 {[#]} 15. Bd3 $146 ({Predecessor:} 15. Qb4 Rb8 16. Re3 c5 17. dxc6 bxc6 18. Qa3 Qc7 19. Rce1 Rfe8 20. Rxe8+ Rxe8 21. Rxe8+ Nxe8 22. Bd3 {½-½ (22) Duda,J (2610)-Naiditsch,A (2720) Montpellier 2015}) 15... Bxd3 16. cxd3 Qd7 17. Ne4 $36 {[%mdl 2048] [#] Strongly threatening Qxf6! White has some pressure.} Ng4 18. h3 Ne5 19. f4 c5 20. dxc6 $1 Nxc6 21. Qxd6 Qxd6 22. Nxd6 Nb4 23. Rc3 b6 24. a3 Nd5 25. Rc4 Rfd8 26. Nf5 b5 27. Rd4 {[#] aiming for Rxd5!} Kf8 28. Kf2 g6 29. Ne3 (29. Nh4 {seems wilder.} Nf6 30. Nf3 Rxd4 31. Nxd4 Rd8 32. Nxb5 Rb8 33. Nxa7 Rxb2+ 34. Kf3) 29... Nb6 30. Rxd8+ (30. Nc2 {with more complications.} Na4 31. Rb1 Rdc8 32. Ne1 Rc6 33. Rd1) 30... Rxd8 $14 {[%mdl 4096] Endgame KRN-KRN} 31. Ke2 Na4 $1 32. Nd1 Nc5 33. Nf2 Ne6 34. Ke3 Rc8 (34... Re8 $5 {[%cal Re6f4]}) 35. g3 h5 36. Ne4 Rc2 37. Re2 Rc1 38. d4 Nc7 39. Nc3 a5 40. Kd2 Rg1 41. Re3 b4 42. axb4 axb4 43. Ne2 Rb1 44. Kc2 Re1 45. Kd2 Rb1 $1 {The position is equal.} 46. Rb3 Nd5 47. Nc1 Ke7 48. Kc2 Ra1 49. Rf3 Ke6 50. f5+ gxf5 51. Nd3 Rg1 52. Kb3 Rg2 53. Nc5+ Kd6 54. Nd3 Ke6 55. h4 f4 56. Nxf4+ Nxf4 57. gxf4 $11 {KR-KR} Kd5 58. Re3 f6 59. Re8 Kxd4 60. Rh8 Ke4 61. Rxh5 Kxf4 62. Rh8 Rh2 63. h5 Kg5 64. Rg8+ Kf5 65. Rb8 Kg5 66. Rg8+ Kf5 67. h6 Rh4 68. h7 Rxh7 69. Kxb4 Rb7+ {Accuracy: White = 69%, Black = 75%.} 1/2-1/2

[Event "XIX Najdorf Memorial 2019"]
[Site "Warsaw"]
[Date "2019.07.11"]
[Round "6.8"]
[White "Sedlak, Nikola"]
[Black "Goluch, Piotr"]
[Result "1-0"]
[WhiteElo "2586"]
[BlackElo "2386"]
[Annotator "ChessBase"]
[PlyCount "79"]
[EventDate "2019.07.06"]
[EventType "swiss"]
[EventCountry "POL"]
[SourceTitle "playchess.com"]
[Source "ChessBase"]
[SourceQuality "1"]
[TimeControl "40/5400+30:1800+30"]

1. d4 {[%emt 0:00:00]} Nf6 {[%emt 0:00:00]} 2. Nf3 {[%emt 0:00:14]} g6 {[%emt 0:00:00]} 3. Nbd2 {[%emt 0:00:33]} d5 {[%emt 0:00:41]} 4. e3 {[%emt 0:01:35]} Bg7 {[%emt 0:00:54]} 5. b4 {[%emt 0:00:15]} O-O {[%emt 0:01:47]} 6. Bb2 {[%emt 0:00:51]} a5 {[%emt 0:05:21]} 7. b5 {[%emt 0:00:32]} a4 {[%emt 0:01:07]} 8. Ba3 {[%emt 0:03:59]} c6 {[%emt 0:09:15]} 9. Rb1 {[%emt 0:03:38]} Re8 {[%emt 0:01:38]} 10. Be2 {[%emt 0:02:15]} Nbd7 {[%emt 0:01:16]} 11. O-O {[%emt 0:00:54]} e5 {[%emt 0:01:59]} 12. bxc6 {[%emt 0:02:15]} bxc6 {[%emt 0:00:04]} 13. Bd6 {[%emt 0:03:39]} Ng4 {[%emt 0:08:55]} 14. c4 {[%emt 0:07:38]} Ba6 {[%emt 0:06:27]} 15. h3 {[%emt 0:03:53]} Nh6 {[%emt 0:04:43]} 16. Nxe5 {[%emt 0:02:10]} Nxe5 {[%emt 0:00:27]} 17. Bxe5 {[%emt 0:00:13]} Bxe5 {[%emt 0:00:12]} 18. dxe5 {[%emt 0:00:09]} Rxe5 {[%emt 0:01:19]} 19. Nf3 {[%emt 0:00:09]} Re8 {[%emt 0:08:28]} 20. cxd5 {[%emt 0:01:38]} Bxe2 {[%emt 0:00:36]} 21. Qxe2 {[%emt 0:00:09]} Qxd5 {[%emt 0:01:38]} 22. Rfd1 {[%emt 0:01:02]} Qe4 {[%emt 0:02:09]} 23. Rbc1 {[%emt 0:09:07]} Nf5 {[%emt 0:00:43]} 24. Rc4 {[%emt 0:01:50]} Qe6 {[%emt 0:00:05]} 25. Qc2 {[%emt 0:01:07]} a3 {[%emt 0:01:33]} 26. Rxc6 {[%emt 0:03:10]} Rec8 {[%emt 0:02:18]} 27. Rd8+ {[%emt 0:01:40]} Rxd8 {[%emt 0:00:02]} 28. Rxe6 {[%emt 0:00:08]} fxe6 {[%emt 0:00:02]} 29. Ng5 {[%emt 0:02:24]} Ng7 {[%emt 0:15:07]} 30. Qc7 {[%emt 0:05:25]} Rf8 {[%emt 0:03:33]} 31. Qe7 {[%emt 0:03:05]} Rad8 {[%emt 0:04:33]} 32. Ne4 {[%emt 0:00:38]} Ra8 {[%emt 0:00:37]} 33. g4 {[%emt 0:00:28]} Kh8 {[%emt 0:04:31]} 34. Kg2 {[%emt 0:01:37]} Kg8 {[%emt 0:06:46]} 35. Qh4 {[%emt 0:00:32]} Ne8 {[%emt 0:05:54]} 36. Qe7 {[%emt 0:01:17]} Ng7 {[%emt 0:00:15]} 37. Nf6+ {[%emt 0:04:14]} Kh8 {[%emt 0:00:03]} 38. Nd7 {[%emt 0:03:18]} Rfe8 {[%emt 0:00:12]} 39. Qh4 {[%emt 0:00:26]} h5 {[%emt 0:03:20]} 40. Qg5 {[%emt 0:00:00]} 1-0

[Event "XIX Najdorf Memorial 2019"]
[Site "Warsaw"]
[Date "2019.07.11"]
[Round "6.8"]
[White "Budrewicz, Krzysztof"]
[Black "Nguyen, Piotr"]
[Result "1-0"]
[WhiteElo "2188"]
[BlackElo "2420"]
[Annotator "NA"]
[PlyCount "87"]
[EventDate "2019.07.06"]
[EventType "swiss"]
[EventCountry "POL"]
[SourceTitle "playchess.com"]
[Source "ChessBase"]
[SourceQuality "1"]
[TimeControl "40/5400+30:1800+30"]

1. d4 f5 {[%emt 0:00:00]} 2. c4 {[%emt 0:00:00]} Nf6 {[%emt 0:00:00]} 3. Nf3 {[%emt 0:00:09]} g6 {[%emt 0:00:00]} 4. e3 {[%emt 0:00:53]} Bg7 {[%emt 0:00:23]} 5. b4 {[%emt 0:00:19]} O-O {[%emt 0:00:22]} 6. Bb2 {[%emt 0:00:04]} e6 {[%emt 0:04:21]} 7. Be2 {[%emt 0:01:37]} b6 {[%emt 0:01:39]} 8. O-O {[%emt 0:01:05]} Bb7 {[%emt 0:00:13]} 9. Nc3 {[%emt 0:00:49]} Qe7 {[%emt 0:04:25]} 10. Qb3 {[%emt 0:05:49]} d6 {[%emt 0:01:23]} 11. a4 {[%emt 0:00:28]} c5 {[%emt 0:20:40]} 12. bxc5 {[%emt 0:11:25]} bxc5 {[%emt 0:00:19]} 13. a5 {[%emt 0:09:33]} Na6 {[%emt 0:04:56]} 14. Rfd1 {[%emt 0:02:28]} Rab8 {[%emt 0:09:10]} 15. Nb5 {[%emt 0:03:02]} Ne4 {[%emt 0:09:35]} 16. Qa3 {[%emt 0:05:14]} Nb4 {[%emt 0:04:50]} 17. Rac1 {[%emt 0:00:34]} a6 {[%emt 0:02:07]} 18. Nc3 {[%emt 0:00:17]} Ng5 {[%emt 0:05:14]} 19. d5 {[%emt 0:05:25]} exd5 {[%emt 0:03:53]} 20. cxd5 {[%emt 0:03:35]} f4 {[%emt 0:00:26]} 21. e4 {[%emt 0:24:51]} Nxe4 {[%emt 0:02:13]} 22. Nxe4 {[%emt 0:00:06]} Bxb2 {[%emt 0:01:08]} 23. Qxb2 {[%emt 0:00:09]} Qxe4 {[%emt 0:00:05]} 24. Bc4 {[%emt 0:04:35]} Qf5 {[%emt 0:03:06]} 25. Qd2 {[%emt 0:03:34]} Rbe8 {[%emt 0:02:39]} 26. Nd4 {[%emt 0:00:42]} Qg5 {[%emt 0:04:15]} 27. Nc6 {[%emt 0:01:46]} Bc8 {[%emt 0:04:59]} 28. Nxb4 {[%emt 0:00:27]} cxb4 {[%emt 0:00:03]} 29. Bf1 {[%emt 0:00:34]} Re5 {[%emt 0:00:45]} 30. Qxb4 {[%emt 0:00:59]} Bg4 {[%emt 0:02:18]} 31. Re1 {[%emt 0:02:41]} Bf3 {[%emt 0:02:53]} 32. Qxd6 {[%emt 0:01:57]} Ref5 {[%emt 0:03:06]} 33. Kh1 {[%emt 0:05:24]} Bxd5 {[%emt 0:00:30]} 34. Qxa6 {[%emt 0:00:17]} Qh4 {[%emt 0:01:48]} 35. Bc4 {[%emt 0:01:30]} Bxc4 {[%emt 0:02:55]} 36. Qxc4+ {[%emt 0:00:06]} Kg7 {[%emt 0:00:23]} 37. Qd4+ {[%emt 0:00:22]} Kh6 {[%emt 0:00:47]} 38. Rc7 {[%emt 0:01:09]} Kg5 {[%emt 0:00:31]} 39. a6 {[%emt 0:00:39]} h6 {[%emt 0:00:30]} 40. a7 {[%emt 0:00:00]} f3 {[%emt 0:00:00]} 41. Qxh4+ {[%emt 0:02:05]} Kxh4 {[%emt 0:00:37]} 42. Re4+ {[%emt 0:00:19]} Kg5 {[%emt 0:03:43]} 43. h4+ {[%emt 0:00:05]} Kf6 {[%emt 0:00:11]} 44. g4 {[%emt 0:00:05]} 1-0

[Event "XIX Najdorf Memorial 2019"]
[Site "Warsaw"]
[Date "2019.07.11"]
[Round "6.9"]
[White "Romanishin, Oleg M"]
[Black "Yuffa, Daniil"]
[Result "1-0"]
[WhiteElo "2443"]
[BlackElo "2582"]
[Annotator "ChessBase"]
[PlyCount "77"]
[EventDate "2019.07.06"]
[EventType "swiss"]
[EventCountry "POL"]
[SourceTitle "playchess.com"]
[Source "ChessBase"]
[SourceQuality "1"]
[TimeControl "40/5400+30:1800+30"]

1. d4 {[%emt 0:05:33]} d5 {[%emt 0:00:00]} 2. Nf3 {[%emt 0:00:05]} Nf6 {[%emt 0:00:01]} 3. c4 {[%emt 0:00:05]} c6 {[%emt 0:00:13]} 4. Nc3 {[%emt 0:01:43]} a6 {[%emt 0:00:09]} 5. g3 {[%emt 0:00:10]} dxc4 {[%emt 0:00:06]} 6. Bg2 {[%emt 0:02:15]} g6 {[%emt 0:03:39]} 7. Ne5 {[%emt 0:26:05]} Be6 {[%emt 0:00:44]} 8. e4 {[%emt 0:00:10]} Nbd7 {[%emt 0:07:55]} 9. Nf3 {[%emt 0:03:12]} h6 {[%emt 0:10:24]} 10. O-O {[%emt 0:02:13]} Bg7 {[%emt 0:00:49]} 11. h3 {[%emt 0:04:16]} Qb6 {[%emt 0:14:04]} 12. Qe2 {[%emt 0:04:05]} Rd8 {[%emt 0:03:09]} 13. Be3 {[%emt 0:00:15]} Qa5 {[%emt 0:01:16]} 14. a4 {[%emt 0:05:32]} Qh5 {[%emt 0:16:45]} 15. e5 {[%emt 0:01:13]} Bxh3 {[%emt 0:02:59]} 16. exf6 {[%emt 0:00:09]} Nxf6 {[%emt 0:00:09]} 17. Ne5 {[%emt 0:02:10]} Qxe2 {[%emt 0:02:08]} 18. Nxe2 {[%emt 0:00:29]} Bf5 {[%emt 0:00:04]} 19. Rfc1 {[%emt 0:03:58]} Nd5 {[%emt 0:00:09]} 20. Nxc4 {[%emt 0:00:51]} h5 {[%emt 0:02:20]} 21. Na5 {[%emt 0:17:35]} Bc8 {[%emt 0:00:07]} 22. Ra3 {[%emt 0:01:04]} h4 {[%emt 0:00:28]} 23. gxh4 {[%emt 0:00:22]} Rxh4 {[%emt 0:01:27]} 24. Rb3 {[%emt 0:00:13]} Nxe3 {[%emt 0:03:10]} 25. fxe3 {[%emt 0:00:09]} Bh6 {[%emt 0:00:03]} 26. Kf2 {[%emt 0:02:50]} Rd6 {[%emt 0:00:03]} 27. Rh1 {[%emt 0:02:14]} Rf6+ {[%emt 0:00:36]} 28. Ke1 {[%emt 0:00:48]} Rxh1+ {[%emt 0:07:50]} 29. Bxh1 {[%emt 0:00:04]} Re6 {[%emt 0:00:17]} 30. Nxb7 {[%emt 0:01:29]} Bxb7 {[%emt 0:00:48]} 31. Rxb7 {[%emt 0:00:22]} Bxe3 {[%emt 0:00:05]} 32. Rc7 {[%emt 0:07:09]} Bxd4 {[%emt 0:01:40]} 33. Rxc6 {[%emt 0:00:06]} Re5 {[%emt 0:03:25]} 34. b4 {[%emt 0:00:25]} Bb2 {[%emt 0:02:05]} 35. Rc4 {[%emt 0:02:25]} Kd8 {[%emt 0:00:26]} 36. Kd2 {[%emt 0:01:16]} f5 {[%emt 0:00:33]} 37. Nf4 {[%emt 0:00:37]} Ba3 {[%emt 0:01:24]} 38. Nd3 {[%emt 0:01:11]} Re6 {[%emt 0:00:03]} 39. Rc3 {[%emt 0:00:05]} 1-0

[Event "XIX Najdorf Memorial 2019"]
[Site "Warsaw"]
[Date "2019.07.11"]
[Round "6.9"]
[White "Menezes, Christoph"]
[Black "Bus, Konrad"]
[Result "1-0"]
[WhiteElo "2413"]
[BlackElo "2264"]
[Annotator "NA"]
[PlyCount "101"]
[EventDate "2019.07.06"]
[EventType "swiss"]
[EventCountry "POL"]
[SourceTitle "playchess.com"]
[Source "ChessBase"]
[SourceQuality "1"]
[TimeControl "40/5400+30:1800+30"]

1. c4 {[%emt 0:00:00]} e6 {[%emt 0:00:04]} 2. Nf3 {[%emt 0:00:40]} d5 {[%emt 0:00:24]} 3. e3 {[%emt 0:01:13]} Nf6 {[%emt 0:02:29]} 4. Nc3 {[%emt 0:01:10]} dxc4 {[%emt 0:03:24]} 5. Bxc4 {[%emt 0:00:38]} c5 {[%emt 0:01:49]} 6. O-O {[%emt 0:01:38]} a6 {[%emt 0:00:58]} 7. d4 {[%emt 0:04:42]} b5 {[%emt 0:02:24]} 8. Bb3 {[%emt 0:01:31]} Bb7 {[%emt 0:01:19]} 9. e4 {[%emt 0:00:35]} Be7 {[%emt 0:13:20]} 10. e5 {[%emt 0:05:41]} Nd5 {[%emt 0:01:56]} 11. Nxd5 {[%emt 0:02:02]} Bxd5 {[%emt 0:00:36]} 12. dxc5 {[%emt 0:00:49]} Bxb3 {[%emt 0:06:32]} 13. Qxb3 {[%emt 0:05:22]} Bxc5 {[%emt 0:01:51]} 14. Ng5 {[%emt 0:02:27]} Nc6 {[%emt 0:16:49]} 15. Nxf7 {[%emt 0:10:09]} Nd4 {[%emt 0:01:47]} 16. Nxd8 {[%emt 0:01:14]} Nxb3 {[%emt 0:00:06]} 17. axb3 {[%emt 0:01:33]} Kxd8 {[%emt 0:07:23]} 18. Bg5+ {[%emt 0:05:48]} Be7 {[%emt 0:07:02]} 19. Rfd1+ {[%emt 0:02:45]} Ke8 {[%emt 0:00:02]} 20. Be3 {[%emt 0:00:15]} Kf7 {[%emt 0:03:00]} 21. Rd7 {[%emt 0:01:18]} Rhd8 {[%emt 0:00:36]} 22. Rb7 {[%emt 0:04:31]} Rdb8 {[%emt 0:07:53]} 23. Rxb8 {[%emt 0:03:06]} Rxb8 {[%emt 0:00:11]} 24. Rxa6 {[%emt 0:00:07]} Rd8 {[%emt 0:00:58]} 25. Kf1 {[%emt 0:06:09]} Rd3 {[%emt 0:03:08]} 26. Ra7 {[%emt 0:01:31]} Kf8 {[%emt 0:00:37]} 27. Rb7 {[%emt 0:04:28]} Rxb3 {[%emt 0:00:36]} 28. Bd4 {[%emt 0:00:49]} Rd3 {[%emt 0:02:52]} 29. Bc3 {[%emt 0:01:57]} Rd5 {[%emt 0:00:16]} 30. Ke2 {[%emt 0:03:51]} h5 {[%emt 0:02:33]} 31. Kf3 {[%emt 0:05:17]} g6 {[%emt 0:04:42]} 32. Ke4 {[%emt 0:00:32]} Ke8 {[%emt 0:01:10]} 33. Ba5 {[%emt 0:04:44]} Kf8 {[%emt 0:01:53]} 34. Bc3 {[%emt 0:09:00]} Ke8 {[%emt 0:00:16]} 35. g3 {[%emt 0:01:10]} Kf8 {[%emt 0:01:22]} 36. h3 {[%emt 0:01:50]} Ke8 {[%emt 0:01:22]} 37. f4 {[%emt 0:00:49]} Kf8 {[%emt 0:00:57]} 38. g4 {[%emt 0:00:18]} Rc5 {[%emt 0:01:55]} 39. Bd4 {[%emt 0:03:22]} Rc2 {[%emt 0:02:09]} 40. f5 {[%emt 0:00:00]} hxg4 {[%emt 0:00:00]} 41. f6 {[%emt 0:16:12]} Bxf6 {[%emt 0:09:23]} 42. exf6 {[%emt 0:00:13]} gxh3 {[%emt 0:00:10]} 43. Rh7 {[%emt 0:02:12]} h2 {[%emt 0:03:11]} 44. Kd3 {[%emt 0:06:01]} Rg2 {[%emt 0:01:34]} 45. Be5 {[%emt 0:00:14]} Rg5 {[%emt 0:00:51]} 46. Kd4 {[%emt 0:00:47]} Rh5 {[%emt 0:03:31]} 47. Rxh5 {[%emt 0:00:10]} gxh5 {[%emt 0:00:02]} 48. Bxh2 {[%emt 0:00:07]} Kf7 {[%emt 0:00:13]} 49. Ke5 {[%emt 0:00:04]} h4 {[%emt 0:00:17]} 50. Bf4 {[%emt 0:00:22]} h3 {[%emt 0:00:09]} 51. Bh2 {[%emt 0:00:03]} 1-0

[Event "XIX Najdorf Memorial 2019"]
[Site "Warsaw"]
[Date "2019.07.11"]
[Round "6.10"]
[White "Roseneck, Jonas"]
[Black "Kanarek, Marcel"]
[Result "0-1"]
[WhiteElo "2398"]
[BlackElo "2493"]
[Annotator "ChessBase"]
[PlyCount "80"]
[EventDate "2019.07.06"]
[EventType "swiss"]
[EventCountry "POL"]
[SourceTitle "playchess.com"]
[Source "ChessBase"]
[SourceQuality "1"]
[TimeControl "40/5400+30:1800+30"]

1. e4 {[%emt 0:00:00]} c5 {[%emt 0:00:00]} 2. Nf3 {[%emt 0:00:00]} d6 {[%emt 0:00:00]} 3. d4 {[%emt 0:00:00]} cxd4 {[%emt 0:00:00]} 4. Nxd4 {[%emt 0:00:00]} Nf6 {[%emt 0:00:00]} 5. Nc3 {[%emt 0:00:00]} a6 {[%emt 0:00:00]} 6. Be3 {[%emt 0:00:00]} e5 {[%emt 0:00:00]} 7. Nb3 {[%emt 0:00:00]} Be6 {[%emt 0:00:00]} 8. f3 {[%emt 0:00:00]} Be7 {[%emt 0:00:13]} 9. Qd2 {[%emt 0:00:02]} O-O {[%emt 0:00:22]} 10. O-O-O {[%emt 0:00:04]} Nbd7 {[%emt 0:00:30]} 11. g4 {[%emt 0:00:03]} b5 {[%emt 0:00:30]} 12. g5 {[%emt 0:00:11]} Nh5 {[%emt 0:00:17]} 13. Kb1 {[%emt 0:00:04]} Nb6 {[%emt 0:02:22]} 14. Na5 {[%emt 0:01:24]} Qc7 {[%emt 0:02:47]} 15. Rg1 {[%emt 0:01:14]} d5 {[%emt 0:13:22]} 16. exd5 {[%emt 0:31:37]} Nxd5 {[%emt 0:01:01]} 17. Nc6 {[%emt 0:08:28]} Nxe3 {[%emt 0:34:06]} 18. Nxe7+ {[%emt 0:00:33]} Qxe7 {[%emt 0:00:08]} 19. Qxe3 {[%emt 0:00:04]} Rfd8 {[%emt 0:00:26]} 20. Bd3 {[%emt 0:08:03]} b4 {[%emt 0:00:56]} 21. Ne4 {[%emt 0:07:46]} Rd4 {[%emt 0:14:18]} 22. Ng3 {[%emt 0:08:42]} Nxg3 {[%emt 0:09:07]} 23. hxg3 {[%emt 0:00:15]} Qd6 {[%emt 0:17:30]} 24. Rde1 {[%emt 0:05:36]} Re8 {[%emt 0:01:03]} 25. Qe2 {[%emt 0:08:10]} g6 {[%emt 0:01:55]} 26. g4 {[%emt 0:04:07]} e4 {[%emt 0:00:47]} 27. fxe4 {[%emt 0:06:53]} Qe5 {[%emt 0:00:02]} 28. Qe3 {[%emt 0:00:50]} a5 {[%emt 0:01:06]} 29. Rg2 {[%emt 0:02:20]} a4 {[%emt 0:00:42]} 30. Rh1 {[%emt 0:01:30]} a3 {[%emt 0:00:43]} 31. c3 {[%emt 0:01:24]} bxc3 {[%emt 0:00:24]} 32. b3 {[%emt 0:00:00]} c2+ {[%emt 0:00:30]} 33. Rxc2 {[%emt 0:00:36]} Red8 {[%emt 0:00:35]} 34. Be2 {[%emt 0:04:34]} Rxe4 {[%emt 0:00:18]} 35. Qh3 {[%emt 0:00:01]} Qg7 {[%emt 0:00:58]} 36. Rf1 {[%emt 0:02:13]} Qe5 {[%emt 0:00:20]} 37. Rh1 {[%emt 0:00:00]} h5 {[%emt 0:00:17]} 38. gxh6 {[%emt 0:00:03]} Kh7 {[%emt 0:00:35]} 39. Qf3 {[%emt 0:01:36]} Re3 {[%emt 0:00:19]} 40. Qf2 {[%emt 0:00:00]} Bxb3 {[%emt 0:00:00]} 0-1